[Event "BPB Limburg open A"]
[Site "Maastricht"]
[Date "2014.06.08"]
[Round "4"]
[White "Blom, Vincent"]
[Black "Ypma, Peter"]
[Result "1/2-1/2"]
[WhiteElo "2213"]
[BlackElo "2183"]
[PlyCount "71"]
[EventDate "2014.06.06"]
[EventType "swiss"]
[EventRounds "7"]
[EventCountry "NED"]
[Source "P.Boonen"]
[SourceDate "2014.10.10"]

1. c4 e5 2. g3 d6 3. Bg2 f5 4. Nc3 Nf6 5. e3 g6 6. Nge2 Bg7 7. d4 O-O 8. O-O c6
9. b4 Be6 10. d5 cxd5 11. Nxd5 e4 12. Nef4 Bf7 13. Rb1 Nc6 14. Bb2 Nxd5 15.
cxd5 Bxb2 16. dxc6 Be5 17. cxb7 Rb8 18. Qd2 d5 19. Ne2 Rxb7 20. Nd4 Bxd4 21.
Qxd4 Qb6 22. Rfd1 Qxd4 23. Rxd4 Rc8 24. Bf1 Rc2 25. Ra1 Rb2 26. b5 Rc7 27. a4
Kf8 28. a5 Ke7 29. Rdd1 Kd7 30. Rdb1 Rxb1 31. Rxb1 Rb7 32. b6 axb6 33. Ba6 Rb8
34. axb6 Be8 35. h4 h5 36. Kf1 1/2-1/2

[Event "BPB Limburg open A"]
[Site "Maastricht"]
[Date "2014.06.08"]
[Round "4"]
[White "Braun, Christian"]
[Black "Vereggen, Lars"]
[Result "1/2-1/2"]
[WhiteElo "2358"]
[BlackElo "2127"]
[PlyCount "95"]
[EventDate "2014.06.06"]
[EventType "swiss"]
[EventRounds "7"]
[EventCountry "NED"]
[Source "P.Boonen"]
[SourceDate "2014.10.10"]

1. e4 c5 2. Nf3 d6 3. b3 Nf6 4. Nc3 e6 5. e5 dxe5 6. Nxe5 Nbd7 7. Nc4 Be7 8.
Qf3 O-O 9. Bd3 Rb8 10. a4 b6 11. Bb2 Re8 12. Ne4 Bb7 13. Qg3 Bxe4 14. Bxe4 e5
15. Bf5 Nf8 16. O-O Bd6 17. Rae1 Bc7 18. Bxe5 Bxe5 19. Rxe5 g6 20. Bh3 h6 21.
Rfe1 Rxe5 22. Qxe5 N8h7 23. g3 Ng5 24. Bg2 Ne6 25. c3 b5 26. Nd6 Rb6 27. Nc8
Nd7 28. Qe2 Qxc8 29. axb5 a6 30. bxa6 Qxa6 31. Qe3 Rd6 32. Qxh6 Qd3 33. Be4
Qxd2 34. Qxd2 Rxd2 35. Bxg6 Ng5 36. Bh5 Nh3+ 37. Kg2 Nxf2 38. Bxf7+ Kg7 39. Bh5
Ne4+ 40. Re2 Rxe2+ 41. Bxe2 Nxc3 42. Ba6 Kf6 43. Kf3 Ne5+ 44. Kf4 Nd5+ 45. Ke4
Nc3+ 46. Kf4 Nd5+ 47. Ke4 Nc3+ 48. Kf4 1/2-1/2

[Event "BPB Limburg open A"]
[Site "Maastricht"]
[Date "2014.06.08"]
[Round "4"]
[White "Broekmeulen, Jasper"]
[Black "Van Eetvelde, Ward"]
[Result "1-0"]
[WhiteElo "2432"]
[BlackElo "2123"]
[PlyCount "95"]
[EventDate "2014.06.06"]
[EventType "swiss"]
[EventRounds "7"]
[EventCountry "NED"]
[Source "P.Boonen"]
[SourceDate "2014.10.10"]

1. c4 c6 2. e4 d5 3. cxd5 cxd5 4. exd5 Nf6 5. Nc3 g6 6. Nf3 Bg7 7. Bc4 O-O 8.
O-O Nbd7 9. Re1 Nb6 10. d3 Nfxd5 11. Nxd5 Nxd5 12. Qb3 e6 13. Bg5 Qd6 14. Rac1
Bd7 15. Bxd5 Qxd5 16. Qxd5 exd5 17. Be3 Rfe8 18. Bd4 Rxe1+ 19. Rxe1 Re8 20.
Rxe8+ Bxe8 21. Kf1 Bxd4 22. Nxd4 Kf8 23. Ke2 Ke7 24. Ke3 Kd6 25. g4 f6 26. h4
h6 27. h5 gxh5 28. Nf5+ Kc5 29. d4+ Kb4 30. Nxh6 h4 31. Nf5 h3 32. Kf3 Bb5 33.
Ne3 Bc4 34. b3 Bxb3 35. axb3 Kxb3 36. Nxd5 a5 37. Nxf6 h2 38. Kg2 a4 39. g5 a3
40. g6 a2 41. g7 h1=Q+ 42. Kxh1 a1=Q+ 43. Kh2 Qxd4 44. g8=Q+ Kb2 45. Qg5 Kc2
46. Qf5+ Kb2 47. Ne4 b6 48. Qf6 1-0

[Event "BPB Limburg open A"]
[Site "Maastricht"]
[Date "2014.06.08"]
[Round "4"]
[White "Bus, Tom"]
[Black "Offringa, Joost"]
[Result "1/2-1/2"]
[WhiteElo "2129"]
[BlackElo "2253"]
[PlyCount "23"]
[EventDate "2014.06.06"]
[EventType "swiss"]
[EventRounds "7"]
[EventCountry "NED"]
[Source "P.Boonen"]
[SourceDate "2014.10.10"]

1. e4 d6 2. d4 Nf6 3. Nc3 g6 4. Nf3 a6 5. a4 Bg7 6. h3 b6 7. Bd3 O-O 8. O-O c6
9. Qe2 Re8 10. Rd1 Qc7 11. Bc4 e6 12. e5 1/2-1/2

[Event "BPB Limburg open A"]
[Site "Maastricht"]
[Date "2014.06.08"]
[Round "4"]
[White "Cioara, Andrei Nestor"]
[Black "Lecomte, Robin"]
[Result "1-0"]
[WhiteElo "2438"]
[BlackElo "2038"]
[PlyCount "61"]
[EventDate "2014.06.06"]
[EventType "swiss"]
[EventRounds "7"]
[EventCountry "NED"]
[Source "P.Boonen"]
[SourceDate "2014.10.10"]

1. d4 Nf6 2. c4 e6 3. Nf3 c5 4. d5 exd5 5. cxd5 d6 6. Nc3 g6 7. Bf4 Bg7 8. Nd2
O-O 9. Nc4 Ne8 10. Qd2 a6 11. a4 Nd7 12. Nxd6 Nxd6 13. Bxd6 Re8 14. e3 Qb6 15.
Bg3 Nf6 16. a5 Qd8 17. Bc4 Ne4 18. Nxe4 Rxe4 19. Rc1 b5 20. axb6 Qxb6 21. b3 a5
22. O-O a4 23. bxa4 Rxa4 24. Rb1 Rb4 25. Bd3 Re7 26. h3 Bb7 27. e4 Qa5 28. Bd6
Rd7 29. Bxc5 Ra4 30. Qxa5 Rxa5 31. Bb5 1-0

[Event "BPB Limburg open A"]
[Site "Maastricht"]
[Date "2014.06.08"]
[Round "4"]
[White "Clemens, Adrian HP"]
[Black "Schenning, Albert"]
[Result "1-0"]
[WhiteElo "2188"]
[BlackElo "2017"]
[PlyCount "68"]
[EventDate "2014.06.06"]
[EventType "swiss"]
[EventRounds "7"]
[EventCountry "NED"]
[Source "P.Boonen"]
[SourceDate "2014.10.10"]

1. d4 d5 2. c4 dxc4 3. Nf3 a6 4. e3 e6 5. Bxc4 Nf6 6. O-O c5 7. Qe2 b5 8. Bd3
Bb7 9. dxc5 Qa5 10. e4 Bxc5 11. Bg5 Nbd7 12. Nbd2 Be7 13. a4 b4 14. Nc4 Qc7 15.
e5 Nd5 16. Rac1 O-O 17. Nd6 Bxd6 18. Rxc7 Bxc7 19. Qe4 g6 20. Be7 Nxe7 21. Qxb7
Nd5 22. Bc4 N7b6 23. Bxd5 Nxd5 24. g3 Rfb8 25. Qc6 Bb6 26. Rc1 a5 27. Kg2 Ra7
28. Qb5 Rc7 29. Rxc7 Bxc7 30. Qc6 Rd8 31. Ng5 h6 32. Nxe6 fxe6 33. Qxe6+ Kg7
34. f4 Rf8 1-0

[Event "BPB Limburg open A"]
[Site "Maastricht"]
[Date "2014.06.08"]
[Round "4"]
[White "Coenen, Eduard"]
[Black "Beeke, Bob"]
[Result "0-1"]
[WhiteElo "2093"]
[BlackElo "2255"]
[PlyCount "108"]
[EventDate "2014.06.06"]
[EventType "swiss"]
[EventRounds "7"]
[EventCountry "NED"]
[Source "P.Boonen"]
[SourceDate "2014.10.10"]

1. d4 d5 2. c3 c6 3. Bf4 Bf5 4. e3 e6 5. Nf3 Nf6 6. Bd3 Bxd3 7. Qxd3 Bd6 8.
Bxd6 Qxd6 9. Nbd2 Nbd7 10. e4 dxe4 11. Nxe4 Qe7 12. Nxf6+ Qxf6 13. O-O O-O 14.
Rfe1 Rfd8 15. Qe3 Nb6 16. a4 a5 17. Qe5 Nd5 18. Qxf6 gxf6 19. g3 b5 20. Rec1
Nb6 21. b3 bxa4 22. bxa4 Nc4 23. Kf1 Rab8 24. Rc2 Kg7 25. Ke2 Kg6 26. Nd2 Nxd2
27. Rxd2 Kf5 28. Raa2 h5 29. Rab2 Ke4 30. f3+ Kd5 31. Kd3 e5 32. h3 exd4 33.
cxd4 f5 34. Rdc2 Rxb2 35. Rxb2 Rg8 36. Rc2 Rxg3 37. Rc5+ Kd6 38. Rxf5 Rxh3 39.
Rxf7 h4 40. Ke4 Rh1 41. Rf6+ Kc7 42. Rh6 h3 43. Kf4 h2 44. Kg3 Rd1 45. Rxh2
Rxd4 46. Ra2 c5 47. f4 Kc6 48. Kg4 c4 49. Kg5 Kc5 50. Rb2 c3 51. Rb5+ Kc4 52.
Rxa5 c2 53. Ra8 Rd5+ 54. Kg6 Rc5 0-1

[Event "BPB Limburg open A"]
[Site "Maastricht"]
[Date "2014.06.08"]
[Round "4"]
[White "Coenen, Michael"]
[Black "Van der Auweraert, Elwin"]
[Result "1-0"]
[WhiteElo "2318"]
[BlackElo "2212"]
[PlyCount "79"]
[EventDate "2014.06.06"]
[EventType "swiss"]
[EventRounds "7"]
[EventCountry "NED"]
[Source "P.Boonen"]
[SourceDate "2014.10.10"]

1. e4 c5 2. Nc3 d6 3. Nf3 Nf6 4. d4 cxd4 5. Nxd4 a6 6. Be2 e5 7. Nb3 Be7 8. Bg5
Be6 9. Bxf6 Bxf6 10. Nd5 Bg5 11. h4 Bh6 12. g4 Bf4 13. Nxf4 exf4 14. Qd2 Qf6
15. O-O-O O-O 16. Qxd6 Nc6 17. g5 Qe5 18. Nc5 Rfc8 19. Nxe6 fxe6 20. Bg4 Re8
21. f3 Re7 22. Qa3 Rae8 23. Rd6 Nd4 24. Rd8 Rxd8 25. Qxe7 Qd6 26. Qxd6 Rxd6 27.
Re1 Kf7 28. e5 Rd5 29. Re4 Ke7 30. b3 a5 31. Kb2 Nc6 32. Rxf4 Nxe5 33. Bh3 Rd2
34. Re4 Nxf3 35. Rxe6+ Kf7 36. Rb6 Nxh4 37. Rxb7+ Kg6 38. Rb5 Rh2 39. Bd7 Nf3
40. Be8# 1-0

[Event "BPB Limburg open A"]
[Site "Maastricht"]
[Date "2014.06.08"]
[Round "4"]
[White "Dambacher, Martijn"]
[Black "Beerdsen, Thomas"]
[Result "1/2-1/2"]
[WhiteElo "2491"]
[BlackElo "2205"]
[PlyCount "71"]
[EventDate "2014.06.06"]
[EventType "swiss"]
[EventRounds "7"]
[EventCountry "NED"]
[Source "P.Boonen"]
[SourceDate "2014.10.10"]

1. d4 d5 2. c4 c6 3. Nf3 Nf6 4. e3 Bg4 5. Nc3 e6 6. Qb3 Qc7 7. Bd2 Nbd7 8. Rc1
Bxf3 9. gxf3 dxc4 10. Bxc4 Be7 11. f4 O-O 12. Be2 Nb6 13. Bf3 Rfd8 14. O-O Rac8
15. Ne2 Nfd7 16. Qc2 Qb8 17. b4 Nd5 18. Qb3 b5 19. Ng3 N7b6 20. Be2 Nf6 21. Rc2
Qd6 22. Rfc1 h6 23. a3 Qd7 24. f3 Qd6 25. Kh1 Qd7 26. Be1 Bd6 27. Ne4 Be7 28.
Nc5 Bxc5 29. Rxc5 Na4 30. R5c2 Nb6 31. Bh4 Nbd5 32. Rc5 a6 33. Qd3 Qd6 34. f5
exf5 35. Qxf5 Nxe3 36. Qe5 1/2-1/2

[Event "BPB Limburg open A"]
[Site "Maastricht"]
[Date "2014.06.08"]
[Round "4"]
[White "De Wit, Albert"]
[Black "Sanijs, Frans"]
[Result "1-0"]
[WhiteElo "1999"]
[BlackElo "2045"]
[PlyCount "95"]
[EventDate "2014.06.06"]
[EventType "swiss"]
[EventRounds "7"]
[EventCountry "NED"]
[Source "P.Boonen"]
[SourceDate "2014.10.10"]

1. e4 c5 2. c3 d5 3. exd5 Qxd5 4. d4 Nc6 5. dxc5 Qxd1+ 6. Kxd1 Nf6 7. Nf3 Bg4
8. Be2 O-O-O+ 9. Ke1 e5 10. b4 e4 11. Ng5 Bxe2 12. Kxe2 Ne5 13. Bf4 Nd3 14. Be3
Rd7 15. Rd1 Nd5 16. Nxe4 N3f4+ 17. Kf3 Nxg2 18. Rxd5 Ne1+ 19. Ke2 Rxd5 20. Kxe1
f5 21. Ng5 Be7 22. Nf3 Re8 23. Bd4 g5 24. Kf1 g4 25. Ne5 Bg5 26. Nc4 Bf4 27.
Nd6+ Bxd6 28. cxd6 Rxd6 29. Nd2 Rh6 30. Nc4 Kc7 31. Re1 Rxe1+ 32. Kxe1 Kc6 33.
Ne3 Rxh2 34. Nxf5 Rh1+ 35. Ke2 Ra1 36. Ke3 h5 37. Kf4 a5 38. bxa5 Rxa2 39. Bb6
Rb2 40. Kg3 Rb1 41. Kh4 Rh1+ 42. Kg5 Kd5 43. Ng3 Rh3 44. Nxh5 Rxc3 45. Kxg4 Ke6
46. f4 Kf7 47. Ng3 Rc1 48. Ne4 1-0

[Event "BPB Limburg open A"]
[Site "Maastricht"]
[Date "2014.06.08"]
[Round "4"]
[White "Degro, Heiko"]
[Black "Dardha, Arben"]
[Result "1-0"]
[WhiteElo "2042"]
[BlackElo "2284"]
[PlyCount "125"]
[EventDate "2014.06.06"]
[EventType "swiss"]
[EventRounds "7"]
[EventCountry "NED"]
[Source "P.Boonen"]
[SourceDate "2014.10.10"]

1. d4 Nf6 2. c4 e6 3. Nf3 Bb4+ 4. Bd2 Bxd2+ 5. Qxd2 d5 6. e3 O-O 7. Nc3 b6 8.
cxd5 exd5 9. Bd3 c5 10. O-O Nc6 11. Bb5 Ne7 12. dxc5 bxc5 13. Rfd1 Bb7 14. Be2
Rc8 15. Rac1 Nf5 16. Qc2 Nd6 17. Qa4 Qb6 18. b3 Nde4 19. Nxe4 Nxe4 20. Nd2 Rfe8
21. Bf3 Nf6 22. Nf1 Re7 23. Rc2 Rec7 24. Rdc1 Ba6 25. Rc3 Bb5 26. Qf4 Qa6 27.
Ng3 g6 28. Qg5 Qe6 29. h4 Kg7 30. Qf4 h6 31. b4 Bc4 32. bxc5 Rxc5 33. Qd4 Ra5
34. e4 Re8 35. exd5 Bxd5 36. Re3 Qb6 37. Qxb6 axb6 38. Rxe8 Nxe8 39. Bxd5 Rxd5
40. Rb1 b5 41. Rb4 Rd1+ 42. Kh2 Rd2 43. f3 Nc7 44. a4 bxa4 45. Rxa4 Nd5 46. Ne4
Rc2 47. Ra1 Ne3 48. Rg1 f5 49. Ng3 f4 50. Ne4 Kf7 51. Kh3 Ke6 52. g3 fxg3 53.
Kxg3 Kf5 54. Nd6+ Ke6 55. Re1 Rc3 56. Nb5 Rd3 57. Kf2 Kf6 58. Rxe3 Rd2+ 59. Kg3
g5 60. h5 Rd1 61. Re2 Rh1 62. Nd4 Rxh5 63. Re6+ {.....} 1-0

[Event "BPB Limburg open A"]
[Site "Maastricht"]
[Date "2014.06.08"]
[Round "4"]
[White "Den Hartog, Marijn"]
[Black "Schoppen, Casper"]
[Result "0-1"]
[WhiteElo "2036"]
[BlackElo "1906"]
[PlyCount "118"]
[EventDate "2014.06.06"]
[EventType "swiss"]
[EventRounds "7"]
[EventCountry "NED"]
[Source "P.Boonen"]
[SourceDate "2014.10.10"]

1. e4 e5 2. Nf3 Nc6 3. Bb5 Nf6 4. O-O Nxe4 5. d4 Nd6 6. Bxc6 dxc6 7. dxe5 Nf5
8. Qxd8+ Kxd8 9. Bg5+ Ke8 10. Nc3 h6 11. Bd2 Be7 12. Rad1 Be6 13. Ne4 Rd8 14.
Bc3 Rd5 15. b3 b6 16. Ba1 Kd7 17. c4 Rxd1 18. Rxd1+ Kc8 19. h3 Nh4 20. Nd4 Rd8
21. Rf1 Bd7 22. f4 Nf5 23. Ne2 Ne3 24. Rf3 Bf5 25. N4c3 Bc5 26. Kh2 Rd2 27. b4
Nc2 28. bxc5 Nxa1 29. cxb6 axb6 30. Ng3 Bd3 31. c5 b5 32. a3 Bc2 33. f5 Rd3 34.
Rxd3 Bxd3 35. Nh5 Bxf5 36. Nxg7 Bg6 37. e6 fxe6 38. Nxe6 Nc2 39. a4 b4 40. Na2
Bf7 41. Nxb4 Nxb4 42. Nd4 Kd7 43. a5 Na6 44. Nf5 h5 45. g4 hxg4 46. hxg4 Be6
47. Nd4 Bxg4 48. Kg3 Be6 49. Kf4 Nxc5 50. Ke5 Bd5 51. Nf5 Kc8 52. Ne7+ Kb7 53.
Nxd5 cxd5 54. Kxd5 Na6 55. Kd4 c5+ 56. Kd3 Kc6 57. Kc4 Nb4 58. Kb3 Kb5 59. a6
Nxa6 0-1

[Event "BPB Limburg open A"]
[Site "Maastricht"]
[Date "2014.06.08"]
[Round "4"]
[White "Dijkhuis, Sven"]
[Black "Commercon, Simon"]
[Result "0-1"]
[WhiteElo "1993"]
[BlackElo "2219"]
[PlyCount "88"]
[EventDate "2014.06.06"]
[EventType "swiss"]
[EventRounds "7"]
[EventCountry "NED"]
[Source "P.Boonen"]
[SourceDate "2014.10.10"]

1. e4 d5 2. exd5 Qxd5 3. Nc3 Qd6 4. d4 Nf6 5. Nf3 a6 6. a4 Nc6 7. g3 Bg4 8. Bg2
O-O-O 9. Be3 Qb4 10. O-O e5 11. Qd3 exd4 12. Na2 Qxb2 13. Rfb1 dxe3 14. Qxd8+
Nxd8 15. Rxb2 exf2+ 16. Kxf2 Bc5+ 17. Kf1 Re8 18. Re1 Be6 19. Nc1 Ng4 20. Nd3
Ne3+ 21. Kg1 Ba7 22. Kh1 Bd5 23. Rb4 Rf8 24. Re2 f6 25. Nh4 Nxg2 26. Nxg2 g5
27. c3 Nc6 28. Rb1 h5 29. h3 Bf3 30. Rd2 Be3 31. Rdb2 Rd8 32. Nb4 Ne5 33. Kh2
Bd2 34. Na2 Bc6 35. Kg1 a5 36. Kf1 Nc4 37. Rb5 Na3 38. R1b3 Nxb5 39. axb5 Bd5
40. Rb2 Bxa2 41. Rxa2 Bxc3 42. b6 Rd1+ 43. Ke2 Rb1 44. Kd3 Rb2 0-1

[Event "BPB Limburg open A"]
[Site "Maastricht"]
[Date "2014.06.08"]
[Round "4"]
[White "Dischinger, Frank"]
[Black "Dek, Lennart"]
[Result "0-1"]
[WhiteElo "2154"]
[BlackElo "2256"]
[PlyCount "112"]
[EventDate "2014.06.06"]
[EventType "swiss"]
[EventRounds "7"]
[EventCountry "NED"]
[Source "P.Boonen"]
[SourceDate "2014.10.10"]

1. e4 c5 2. Nf3 Nc6 3. Nc3 Nf6 4. g3 d5 5. exd5 Nxd5 6. Nxd5 Qxd5 7. Bg2 Qe4+
8. Kf1 Bg4 9. h3 Bh5 10. d3 Qe6 11. Bf4 Qd7 12. g4 Bg6 13. Ne5 Nxe5 14. Bxe5 f6
15. Bg3 e5 16. f4 Bd6 17. Qf3 O-O 18. Qxb7 Qxb7 19. Bxb7 Rab8 20. Bd5+ Bf7 21.
Bxf7+ Rxf7 22. b3 exf4 23. Bh2 Re7 24. Re1 Rbe8 25. Rxe7 Rxe7 26. Kf2 Re3 27.
Bg1 Re6 28. Bh2 Re3 29. Bg1 Re6 30. Bh2 Kf7 31. Re1 Re3 32. Bg1 Rxh3 33. Re4
Rg3 34. Ra4 Rxg4 35. Rxa7+ Ke6 36. a4 h5 37. Kf1 f3 38. Ra8 Rg2 39. Bf2 h4 40.
Re8+ Kd7 41. Re3 Rh2 42. Rxf3 Rh1+ 43. Kg2 Rc1 44. c4 Rc3 45. d4 cxd4 46. Bxd4
Rxf3 47. Kxf3 Be5 48. Be3 h3 49. a5 g5 50. a6 Kc8 51. b4 g4+ 52. Kf2 f5 53. b5
f4 54. Bc5 f3 55. b6 h2 56. b7+ Kb8 0-1

[Event "BPB Limburg open A"]
[Site "Maastricht"]
[Date "2014.06.08"]
[Round "4"]
[White "Ducarmon, Renzo"]
[Black "Gijsen, Stief"]
[Result "1-0"]
[WhiteElo "2072"]
[BlackElo "2156"]
[PlyCount "75"]
[EventDate "2014.06.06"]
[EventType "swiss"]
[EventRounds "7"]
[EventCountry "NED"]
[Source "P.Boonen"]
[SourceDate "2014.10.10"]

1. e4 e5 2. Bc4 Nc6 3. Nf3 Bc5 4. c3 Nf6 5. d3 a6 6. O-O Ba7 7. Bg5 h6 8. Be3
Bxe3 9. fxe3 d6 10. Bb3 Na5 11. Bc2 c5 12. Nbd2 Qe7 13. d4 Nc6 14. Nc4 Qc7 15.
dxc5 dxc5 16. Nd6+ Ke7 17. Nxc8+ Raxc8 18. Nh4 Rcd8 19. Qf3 Kf8 20. Bb3 Ne7 21.
Bd5 Rd6 22. Rad1 c4 23. Qg3 Qc5 24. Qxe5 Qxe3+ 25. Kh1 Rd8 26. Qc7 Re8 27. Nf5
Nfxd5 28. Rxd5 Nxd5 29. Qd6+ Kg8 30. Nxe3 Nxe3 31. Qd7 Nxf1 32. Qxe8+ Kh7 33.
Qxf7 Ne3 34. Qf3 Rd8 35. Kg1 Rd3 36. e5 b5 37. e6 Kg8 38. e7 1-0

[Event "BPB Limburg open A"]
[Site "Maastricht"]
[Date "2014.06.08"]
[Round "4"]
[White "Fier, Alexandr"]
[Black "Dijkhuis, Tycho"]
[Result "0-1"]
[WhiteElo "2580"]
[BlackElo "2271"]
[PlyCount "76"]
[EventDate "2014.06.06"]
[EventType "swiss"]
[EventRounds "7"]
[EventCountry "NED"]
[Source "P.Boonen"]
[SourceDate "2014.10.10"]

1. e4 c5 2. Nf3 d6 3. d4 cxd4 4. Nxd4 Nf6 5. Nc3 g6 6. Be3 Bg7 7. f3 Nc6 8. Qd2
O-O 9. Bc4 Bd7 10. O-O-O Rc8 11. Bb3 Ne5 12. Kb1 a6 13. g4 b5 14. g5 b4 15.
Nce2 Nh5 16. Ng3 a5 17. Nxh5 gxh5 18. f4 a4 19. fxe5 axb3 20. Nxb3 Bxe5 21.
Qxb4 Qc7 22. Rc1 Qc6 23. Rhe1 Ra8 24. Bd4 Bf4 25. Rcd1 Rfc8 26. Bc3 Ra4 27. Nd4
Qc7 28. Nb5 Bxb5 29. Qxb5 Qa7 30. Rf1 Rxa2 31. b3 Be5 32. Bxe5 dxe5 33. Qxe5
Raxc2 34. Qa1 Qe3 35. Qa4 Qc3 36. Qa3 Rb8 37. Rf3 Qxf3 38. Kxc2 Rc8+ 0-1

[Event "BPB Limburg open A"]
[Site "Maastricht"]
[Date "2014.06.08"]
[Round "4"]
[White "Gerlagh, Joris"]
[Black "Carmeille, Ludovic"]
[Result "0-1"]
[WhiteElo "2103"]
[BlackElo "2321"]
[PlyCount "80"]
[EventDate "2014.06.06"]
[EventType "swiss"]
[EventRounds "7"]
[EventCountry "NED"]
[Source "P.Boonen"]
[SourceDate "2014.10.10"]

1. d4 d5 2. c4 c6 3. Nf3 Nf6 4. Qc2 Bg4 5. Ne5 Bh5 6. Qb3 Qb6 7. c5 Qxb3 8.
axb3 Nfd7 9. Bf4 Nxe5 10. Bxe5 Nd7 11. b4 Nxe5 12. dxe5 f6 13. exf6 gxf6 14. b5
e6 15. b4 cxb5 16. e3 Be7 17. Bxb5+ Kf7 18. O-O a5 19. Rxa5 Rxa5 20. bxa5 Bxc5
21. Rc1 Bd6 22. Nd2 Ke7 23. g3 Bg6 24. Nb3 e5 25. Kf1 Bf7 26. Ke2 Rg8 27. Nd2
h5 28. Nf3 Be6 29. Nd2 Rg4 30. f4 Rg8 31. Bd3 h4 32. Rb1 Bc8 33. Kf2 Bc5 34.
Rb5 Kd6 35. Bc2 exf4 36. gxf4 Bh3 37. Rb3 Rg2+ 38. Ke1 Rxh2 39. e4 Rh1+ 40. Ke2
Bg4+ 0-1

[Event "BPB Limburg open A"]
[Site "Maastricht"]
[Date "2014.06.08"]
[Round "4"]
[White "Groffen, Hans"]
[Black "Van Liempt, Michael"]
[Result "0-1"]
[WhiteElo "2190"]
[BlackElo "2008"]
[PlyCount "54"]
[EventDate "2014.06.06"]
[EventType "swiss"]
[EventRounds "7"]
[EventCountry "NED"]
[Source "P.Boonen"]
[SourceDate "2014.10.10"]

1. d4 Nf6 2. c4 e6 3. Nc3 Bb4 4. e3 b6 5. Nge2 Ba6 6. a3 Bxc3+ 7. Nxc3 d5 8.
Qf3 Bb7 9. Bd2 O-O 10. g4 Ne4 11. Nxe4 dxe4 12. Qg3 c5 13. dxc5 bxc5 14. O-O-O
Nc6 15. g5 Qe7 16. Bc3 Rfd8 17. Bg2 e5 18. Rhe1 Nd4 19. exd4 cxd4 20. Bb4 Qe6
21. Bxe4 Bxe4 22. Rxe4 a5 23. Bd2 Qxc4+ 24. Kb1 Rab8 25. Bxa5 Qa4 26. Bxd8
Qxd1+ 27. Ka2 Qc2 0-1

[Event "BPB Limburg open A"]
[Site "Maastricht"]
[Date "2014.06.08"]
[Round "4"]
[White "Harff, Marcel"]
[Black "Perrenet, Jacob"]
[Result "1-0"]
[WhiteElo "2288"]
[BlackElo "2086"]
[PlyCount "75"]
[EventDate "2014.06.06"]
[EventType "swiss"]
[EventRounds "7"]
[EventCountry "NED"]
[Source "P.Boonen"]
[SourceDate "2014.10.10"]

1. c4 Nc6 2. Nc3 e5 3. Nf3 Bc5 4. a3 a5 5. e3 Be7 6. d4 d6 7. Be2 Nf6 8. O-O
O-O 9. b3 Bf5 10. Bb2 exd4 11. Nxd4 Bg6 12. f4 Qd7 13. g4 Nxd4 14. exd4 h6 15.
Bf3 Rab8 16. Qe2 c6 17. Qg2 Ne8 18. f5 Bh7 19. Kh1 Qc7 20. Rae1 Bh4 21. Re3 Nf6
22. Rd3 Rfe8 23. Qh3 Re1 24. Kg2 Rxf1 25. Kxf1 Bg5 26. Qg3 h5 27. h4 hxg4 28.
hxg5 Bxf5 29. Re3 Nh5 30. Qh4 Nf4 31. Bxg4 Bd3+ 32. Ne2 d5 33. Qg3 dxc4 34.
Rxd3 cxd3 35. Nxf4 Re8 36. Bc1 Qd8 37. g6 Qf6 38. gxf7+ 1-0

[Event "BPB Limburg open A"]
[Site "Maastricht"]
[Date "2014.06.08"]
[Round "4"]
[White "Harff, Wilfried"]
[Black "Nguyen, Kevin"]
[Result "1-0"]
[WhiteElo "2149"]
[BlackElo "1929"]
[PlyCount "77"]
[EventDate "2014.06.06"]
[EventType "swiss"]
[EventRounds "7"]
[EventCountry "NED"]
[Source "P.Boonen"]
[SourceDate "2014.10.10"]

1. e4 c5 2. Nf3 d6 3. c3 Nf6 4. Bd3 Nc6 5. O-O Bg4 6. h3 Bh5 7. Bb5 e5 8. d4
Qb6 9. Bxc6+ Qxc6 10. dxe5 Bxf3 11. Qxf3 dxe5 12. c4 Qxe4 13. Qxe4 Nxe4 14. Re1
Nf6 15. Rxe5+ Kd7 16. Bg5 Bd6 17. Bxf6 gxf6 18. Rd5 Kc6 19. Nc3 Be5 20. Rad1 a6
21. Ne4 Bd4 22. b4 Rad8 23. Nxc5 Bxc5 24. Rxd8 Rxd8 25. Rxd8 Bxb4 26. Kf1 Kc5
27. Rd7 b6 28. Rxf7 Kxc4 29. Rxf6 Bc5 30. Rf3 b5 31. Ke2 b4 32. Kd2 Kb5 33. g4
Bd4 34. Kd3 Bc3 35. Rf5+ Ka4 36. Kc4 a5 37. g5 Bd2 38. h4 Bc3 39. h5 1-0

[Event "BPB Limburg open A"]
[Site "Maastricht"]
[Date "2014.06.08"]
[Round "4"]
[White "Janssen, Ruud"]
[Black "Bons, Jasper"]
[Result "1-0"]
[WhiteElo "2467"]
[BlackElo "2072"]
[PlyCount "95"]
[EventDate "2014.06.06"]
[EventType "swiss"]
[EventRounds "7"]
[EventCountry "NED"]
[Source "P.Boonen"]
[SourceDate "2014.10.10"]

1. Nf3 Nf6 2. c4 c5 3. Nc3 g6 4. d4 cxd4 5. Nxd4 Bg7 6. e4 Nc6 7. Be3 O-O 8.
Be2 d6 9. O-O Nxd4 10. Bxd4 a5 11. Qd2 Bd7 12. b3 Bc6 13. f3 Nd7 14. Be3 Nc5
15. Rab1 Qb6 16. Rfc1 Rfc8 17. Bf1 Qd8 18. Rc2 h5 19. a3 Kh7 20. b4 axb4 21.
axb4 Na4 22. Ne2 Bd7 23. Nf4 Bh6 24. Rbc1 Nb6 25. Qf2 Bxf4 26. Bxf4 Be6 27. Bg5
Nd7 28. Qd4 Ra4 29. Bd2 Qb6 30. Qxb6 Nxb6 31. c5 dxc5 32. bxc5 Nd7 33. Bg5 f6
34. Be3 Ra2 35. Rxa2 Bxa2 36. Ra1 Be6 37. Ra7 Rc7 38. Bb5 Ne5 39. Bd4 Bd7 40.
Bxe5 fxe5 41. Bxd7 Rxd7 42. c6 Rd1+ 43. Kf2 Kg7 44. cxb7 Rb1 45. Ke3 Kf7 46.
Kd3 Ke6 47. h4 Rb6 48. Ra6 1-0

[Event "BPB Limburg open A"]
[Site "Maastricht"]
[Date "2014.06.08"]
[Round "4"]
[White "Jeitz, Christian"]
[Black "Admiraal, Miguoel"]
[Result "1/2-1/2"]
[WhiteElo "2169"]
[BlackElo "2339"]
[PlyCount "53"]
[EventDate "2014.06.06"]
[EventType "swiss"]
[EventRounds "7"]
[EventCountry "NED"]
[Source "P.Boonen"]
[SourceDate "2014.10.10"]

1. e4 c6 2. d4 d5 3. Nc3 dxe4 4. Nxe4 Bf5 5. Ng3 Bg6 6. h4 h6 7. Nf3 Nd7 8. h5
Bh7 9. Bd3 Bxd3 10. Qxd3 e6 11. Bd2 Ngf6 12. O-O-O Be7 13. Ne4 Nxe4 14. Qxe4
Nf6 15. Qe2 Qd5 16. c4 Qe4 17. Qxe4 Nxe4 18. Be3 Nd6 19. b3 b5 20. c5 Ne4 21.
Kc2 O-O 22. Ne5 Rac8 23. g4 Rfd8 24. f4 b4 25. Rdg1 f6 26. Nf3 Rd5 27. Rg2
1/2-1/2

[Event "BPB Limburg open A"]
[Site "Maastricht"]
[Date "2014.06.08"]
[Round "4"]
[White "Kampman, Tijmen"]
[Black "Villwock, Martin"]
[Result "0-1"]
[WhiteElo "2091"]
[BlackElo "2151"]
[PlyCount "82"]
[EventDate "2014.06.06"]
[EventType "swiss"]
[EventRounds "7"]
[EventCountry "NED"]
[Source "P.Boonen"]
[SourceDate "2014.10.10"]

1. c4 e5 2. Nc3 Bb4 3. g3 Bxc3 4. bxc3 f5 5. Bg2 Nf6 6. Nf3 d6 7. O-O O-O 8.
Ne1 c6 9. Qb3 Na6 10. d4 c5 11. Nd3 Qe7 12. e3 Rb8 13. Rd1 Bd7 14. f3 Be8 15.
a4 Bh5 16. Re1 Nc7 17. Ra2 Nd7 18. Rf2 Ne6 19. d5 Ng5 20. Ref1 Nf6 21. e4 fxe4
22. Bxg5 exd3 23. Qd1 e4 24. Re1 h6 25. Bf4 g5 26. Bd2 Rbe8 27. Bh3 Qh7 28. g4
Qd7 29. Kg2 exf3+ 30. Qxf3 Bg6 31. Qg3 Ne4 32. Rxf8+ Rxf8 33. Qe3 Qxa4 34. Qxd3
Rf2+ 35. Kg1 Rxd2 36. Qe3 Qc2 37. Bf1 Rxh2 38. Be2 Rh4 39. Rf1 Qxc3 40. Bd3
Rxg4+ 41. Kh2 Qe5+ 0-1